000
00306nam a2200121Ia 4500
008
231129s2004||||xx |||||||||||||| ||spa||
082
_a
ER- 496
100
_a
Instituto de Cultura de Pereira
245
0
_a
Pereira Cultural Nº 21
260
_c
2004
264
_a
Pereira: Papiro 2004
942
_2
ddc
_c
BKS
999
_c
22648
_d
22648